[Event "DEM U14 2025"]
[Site "Willingen GER"]
[Date "2025.06.11"]
[Round "5"]
[White "Meitzner, Johan Eduard"]
[Black "Vakeel, Eshwar"]
[Result "1/2-1/2"]
[Termination "normal"]
[Board "21"]
[WhiteElo "1714"]
[BlackElo "1720"]
[WhiteClock "00:16:17"]
[BlackClock "00:10:17"]
[PlyCount "54"]
[WhiteFideId "34623612"]
[BlackFideId "34626514"]
[EventCountry "GER"]
[EventRounds "9"]
[EventType "swiss"]
[EventDate "2025.06.07"]

1. d4 {[%clk 01:30:58]} {[%emt 00:00:01]} d5 {[%clk 01:30:53]} {[%emt
00:00:08]} 2. Nf3 {[%clk 01:31:23]} {[%emt 00:00:05]} Nf6 {[%clk 01:31:16]}
{[%emt 00:00:07]} 3. c3 {[%clk 01:31:48]} {[%emt 00:00:05]} e6 {[%clk
01:31:28]} {[%emt 00:00:17]} 4. Bf4 {[%clk 01:31:55]} {[%emt 00:00:23]} c5
{[%clk 01:31:45]} {[%emt 00:00:15]} 5. e3 {[%clk 01:32:12]} {[%emt 00:00:13]}
Nc6 {[%clk 01:32:08]} {[%emt 00:00:07]} 6. Nbd2 {[%clk 01:31:59]} {[%emt
00:00:43]} Bd6 {[%clk 01:32:28]} {[%emt 00:00:10]} 7. Bg3 {[%clk 01:32:24]}
{[%emt 00:00:04]} O-O {[%clk 01:32:50]} {[%emt 00:00:08]} 8. Bd3 {[%clk
01:32:44]} {[%emt 00:00:09]} Qe7 {[%clk 01:32:50]} {[%emt 00:00:30]} 9. Ne5
{[%clk 01:24:29]} {[%emt 00:08:45]} Nd7 {[%clk 01:33:03]} {[%emt 00:00:17]} 10.
Nxd7 {[%clk 01:19:21]} {[%emt 00:05:39]} Qxd7 {[%clk 01:33:28]} {[%emt
00:00:05]} 11. f4 {[%clk 01:19:05]} {[%emt 00:00:46]} Qe7 {[%clk 01:26:19]}
{[%emt 00:07:39]} 12. O-O {[%clk 01:18:16]} {[%emt 00:01:18]} Bd7 {[%clk
01:25:27]} {[%emt 00:01:22]} 13. Qe1 {[%clk 01:16:35]} {[%emt 00:02:09]} f6
{[%clk 01:14:22]} {[%emt 00:11:36]} 14. dxc5 {[%clk 00:58:22]} {[%emt
00:18:45]} Bxc5 {[%clk 01:13:55]} {[%emt 00:00:57]} 15. Nb3 {[%clk 00:57:49]}
{[%emt 00:01:03]} Bb6 {[%clk 01:08:15]} {[%emt 00:06:10]} 16. Kh1 {[%clk
00:50:10]} {[%emt 00:08:08]} e5 {[%clk 00:49:23]} {[%emt 00:19:22]} 17. Qd2
{[%clk 00:44:39]} {[%emt 00:06:02]} Be6 {[%clk 00:34:15]} {[%emt 00:15:37]} 18.
Rad1 {[%clk 00:34:52]} {[%emt 00:10:17]} Rad8 {[%clk 00:28:09]} {[%emt
00:06:37]} 19. Qe2 {[%clk 00:34:26]} {[%emt 00:00:55]} a5 {[%clk 00:21:19]}
{[%emt 00:07:21]} 20. a4 {[%clk 00:32:38]} {[%emt 00:02:18]} d4 {[%clk
00:20:57]} {[%emt 00:00:52]} 21. Nd2 {[%clk 00:24:55]} {[%emt 00:08:14]} dxe3
{[%clk 00:20:46]} {[%emt 00:00:39]} 22. Nc4 {[%clk 00:25:12]} {[%emt 00:00:13]}
Qc5 {[%clk 00:13:52]} {[%emt 00:07:24]} 23. Nxb6 {[%clk 00:15:52]} {[%emt
00:09:51]} Qxb6 {[%clk 00:14:15]} {[%emt 00:00:08]} 24. fxe5 {[%clk 00:16:10]}
{[%emt 00:00:12]} Nxe5 {[%clk 00:13:39]} {[%emt 00:01:04]} 25. Bxe5 {[%clk
00:15:58]} {[%emt 00:00:43]} fxe5 {[%clk 00:14:03]} {[%emt 00:00:06]} 26. Rxf8+
{[%clk 00:16:10]} Rxf8 {[%clk 00:14:05]} {[%emt 00:00:46]} 27. Qh5 {[%clk
00:16:17]} {[%emt 00:00:19]} h6 {[%clk 00:10:17]} {[%emt 00:04:22]} 1/2-1/2